| 000 | 00470nam a2200169Ia 4500 | ||
|---|---|---|---|
| 003 | LDD | ||
| 008 | 190117s9999 xx 000 0 und d | ||
| 020 | _c₹90 | ||
| 040 | _cLDD | ||
| 041 | _ahi | ||
| 082 | _a8H1.709 प4914दि | ||
| 100 | _aपन्ना | ||
| 245 | 0 |
_aदिन्कर के काव्य में युग-चेतना _cपन्ना |
|
| 260 |
_aजयपुर _bउषा _c1985 |
||
| 300 | _a312प्र. | ||
| 942 |
_2ddc _cH |
||
| 999 |
_c162886 _d162886 |
||